000 00644nam a2200217Ii 4500
003 JO-AjNU
008 230605s9999||||xx |||||||||||||| ||und||
017 _a2002/7/1807
040 _aJO-AjNU
_bara
_erda
_cJO-AjNU
041 _aara
050 1 4 _aPJ7814.M374.R35 2004
100 3 _aعمايره، منصور,
_eauthor
_957523
245 0 0 _aرائحة التراب
250 _aط2
264 3 1 _aعمان: المؤلف، 2004
300 _a199ص
336 _atext
_btxt
_2rdacontent
337 _aunmediated
_bn
_2rdamedia
338 _avolume
_bnc
_2rdacarrier
650 4 _aالروايه العربيه-العصر الحديث
_957524
999 _aA25784
_c29352
_d29352